000 00529cam a22001457a 4500
008 180718b1971 xxu||||| |||| 00| 0 eng d
082 _aQ103x42 un3 70
245 _aLocal authority social services act 1970
_cby Her Majesty's
260 _aLondon
_bHer Majesty's
_c1971
300 _a22
650 _aPublic welfare -- Law and legislation -- Great Britain
650 _aChildren -- Legal status, laws, etc. -- Great Britain
650 _aSocial workers -- Legal status, laws, etc. -- Great Britain
700 _aU.K.Her Majesty's
999 _c416836
_d416836